| 000 | 00846cab a2200253 4500 | ||
|---|---|---|---|
| 001 | ABS57122 | ||
| 008 | 090401t1997 xxu||||| |||| 00| 0 eng d | ||
| 035 | _a(Sirsi) u98457 | ||
| 041 | _aeng | ||
| 100 | _aDavidson, V. | ||
| 245 | _aIt sounds great, but what does best value mean? | ||
| 260 | _c1997 | ||
| 350 | _a0 | ||
| 490 |
_aLocal Government Chronicle _vJune 1997, CIPFA Sup, 20-21(2) |
||
| 520 | _aAttempts to clarify the term `best value` in relation to Labour`s proposed best value policy, as the `best` alternative to compulsory competition. Looks at the difficulties for local authorities to measure CCT. | ||
| 650 | _aBEST VALUE POLICY | ||
| 650 | _aCCT | ||
| 650 | _aCOMPULSORY COMPETITIVE TENDERING | ||
| 650 | _aLABOUR | ||
| 690 | _aECONOMIC AND SOCIAL | ||
| 700 | _aKite, J. | ||
| 942 | _n0 | ||
| 948 | _c11/06/1997 | ||
| 999 |
_c59845 _d59845 |
||